[Event "SRB-ch U14"]
[Site "Subotica"]
[Date "2021.05.04"]
[Round "2"]
[White "Markovic, Stefan R"]
[Black "Veselinovic, Luka"]
[Result "0-1"]
[WhiteElo "1528"]
[BlackElo "1229"]
[PlyCount "120"]
[EventDate "2021.05.03"]
[EventType "swiss"]
[EventRounds "9"]
[EventCountry "SRB"]
[SourceTitle "EXT 2022"]
[Source "ChessBase"]
[SourceDate "2021.10.06"]
[SourceVersion "1"]
[SourceVersionDate "2021.10.06"]
[SourceQuality "1"]

1. d4 d5 2. c4 e6 3. Nc3 Nf6 4. cxd5 exd5 5. Bg5 Be7 6. Nf3 Bf5 7. Bxf6 Bxf6 8. Qb3 Nc6 9. Qxd5 Qxd5 10. Nxd5 0-0-0 11. Nxf6 gxf6 12. e3 Nb4 13. Kd2 Rhg8 14. a3 Nc6 15. Rg1 Be4 16. Be2 Na5 17. Kc3 Rd6 18. Bb5 a6 19. Ba4 b5 20. Nd2 Bg6 21. Bb3 Rc6+ 22. Kb4 Nxb3 23. Kxb3 Rc2 24. Rgd1 a5 25. Rac1 a4+ 26. Ka2 Rxc1 27. Rxc1 Bf5 28. g3 Be6+ 29. Ka1 Rg5 30. Ne4 Rf5 31. Rc5 Rxc5 32. Nxc5 Bc4 33. Kb1 c6 34. Kc2 Kc7 35. b3 axb3+ 36. Nxb3 Kd6 37. Nc5 f5 38. e4 fxe4 39. Nxe4+ Kd5 40. Nf6+ Kxd4 41. Nxh7 Bd3+ 42. Kd2 Bxh7 43. h4 Ke4 44. Ke2 f5 45. f3+ Kd4 46. Kd2 c5 47. h5 c4 48. g4 c3+ 49. Kc2 fxg4+ 50. Kc1 gxf3 51. Kd1 f2 52. Ke2 f1Q+ 53. Kxf1 c2 54. Ke2 c1Q 55. a4 bxa4 56. Kf2 Qe3+ 57. Kg2 Ke4 58. h6 Qf3+ 59. Kg1 Qe2 60. Kh1 Kf3 0-1